| 000 | 00916nam a22002415a 4500 | ||
|---|---|---|---|
| 003 | OSt | ||
| 005 | 20170215115954.0 | ||
| 008 | 170214s2014 ua frb 000 0 ara d | ||
| 015 | _a2014 / 9082 | ||
| 020 | _a9789770475461 | ||
| 040 |
_aEG-ScBUE _bara _cEG-ScBUE |
||
| 043 | _af-ua--- | ||
| 082 | 0 | 4 |
_222 _a342.62083 _bع ي د |
| 100 | 1 | _aعيد، عبد المنعم أحمد سلطان. | |
| 245 | 1 | 2 |
_aالمواطنة بين الفقه الإسلامي والقانون الوضعي : _bدراسة مقارنة / _cإعداد عبد المنعم أحمد سلطان عيد. |
| 260 |
_aالقاهرة : _bدار النهضة العربية، _c[2014] |
||
| 300 |
_a345 ص. ؛ _c24 سم. |
||
| 504 | _aيشتمل على إرجاعات ببليوجرافية. | ||
| 650 | 0 |
_aالمواطنة _xقوانين وتشريعات _zمصر. _2BUEsh |
|
| 651 | _2BUEsh | ||
| 653 |
_bLLAAWW _cFebruary2017 |
||
| 942 | _2ddc | ||
| 999 |
_c24159 _d24131 |
||